000
00410nam a2200145Ia 4500
008
230917s9999||||xx |||||||||||||| ||und||
040
_e
177749
_a
MAIN
041
_a
English
082
_a
891.431721 TB543M
100
_a
मन्जु
245
0
_a
भोलानाथ तिवारीः व्यक्ति और साहित्यकार
260
_c
1992
300
_a
157 p.
942
_c
TH
999
_c
74108
_d
74108